000 00852nas a2200265 4500
001 BR0801388
003 BR-BrBNA
005 20231205111655.0
007 ta
008 230509b bl.|||p| |||| 00| 00por d
040 _aBR-BrBNA
_bpor
_cBiblioteca Nacional de Agricultura
041 _a(Pt)
072 _aL20
100 1 _aBezerra, C.P.
100 1 _aMartins, C.F.
245 1 _aDiversidade de Euglossibae (Hymenoptera, Apidae)em dois fragmentos de Mata Atlântica localizados na região urbana de João Pessoa, Paraíba, Brazil
650 _aABELHA
650 _aECOLOGIA ANIMAL
650 _aHABITAT
650 _aJOÃO PESSOA
650 _aPARAÍBA
773 0 _tRevista Brasileira de Zoologia (Brazil)
_xISSN 0101-8175
_g(Sep 2001), v. 18(3) p. 823-835
_wBR0801388
909 _a202311
_bLúcia
_c55
_dLúcia Elande
942 _2AGRIS
_n0
_cANA
999 _c193885
_d193885